Metodología para el diseño de un módulo de educación ambiental para pobladores de alta montaña / (Registro nro. 5664)
[ vista simple ]
| 000 -CABECERA | |
|---|---|
| Campo de control | 01052nam a2200229 a 4500 |
| 005 - FECHA Y HORA DE LA ULTIMA TRANSACCION | |
| Campo de control | 20151210094303.0 |
| 008 - ELEMENTOS DE LONGITUD FIJA—INFORMACION GENERAL | |
| Campo de control | 151210b2002 ck |||||r|||| 00| 0 spa d |
| 040 ## - FUENTE DE CATALOGACIÓN | |
| Agencia catalogadora original | CO-BoIAVH |
| Agencia transcriptora | CO-BoIAVH |
| 041 0# - IDIOMA | |
| Código de idioma para texto/pista de sonido o título separado | Español |
| 044 ## - PAÍS DE PUBLICACIÓN | |
| País de publicación | Colombia |
| 090 ## - CLASIFICACIÓN LOCAL | |
| Colección | EA- |
| Consecutivo | 328 |
| 245 10 - MENCION DE TITULO | |
| Título | Metodología para el diseño de un módulo de educación ambiental para pobladores de alta montaña / |
| Mención de responsabilidad | Textos: María Eugenia Pineda Hernández y Antonio Navarro Durán |
| 260 ## - PUBLICACION, DISTRIBUCION, ETC. (PIE DE IMPRENTA) | |
| Lugar de publicación, distribución, etc. | Quindío : |
| Nombre del editor, distribuidor, etc. | CRQ : |
| -- | CVC : |
| -- | CORTOLIMA : |
| -- | CORPOCALDAS : |
| -- | Unidad Administrativa Especial del Sistema de Parques Nacionales Naturales, |
| Fecha de publicación, distribución, etc. | 2002. |
| 300 ## - DESCRIPCION FISICA | |
| Extensión | 20 páginas : |
| Otros detalles físicos | ilustraciones, tablas ; |
| Dimensiones | 27 x 21 cm. |
| 504 ## - NOTA DE BIBLIOGRAFIA, ETC. | |
| Nota de bibliografía | Incluye referencias bibliográficas (página 20). |
| 650 #6 - ASIENTO SECUNDARIO DE MATERIA - TERMINO TEMATICO | |
| Término temático o nombre geográfico como elemento de entrada | Educación Ambiental |
| Subdivisión de forma | Metodología |
| Subdivisión geográfica | Colombia |
| 9 (RLIN) | 43981 |
| 650 #4 - ASIENTO SECUNDARIO DE MATERIA - TERMINO TEMATICO | |
| Término temático o nombre geográfico como elemento de entrada | Educación Ambiental |
| Subdivisión general | Alta montaña |
| Subdivisión geográfica | Colombia |
| 9 (RLIN) | 43982 |
| 650 #4 - ASIENTO SECUNDARIO DE MATERIA - TERMINO TEMATICO | |
| Término temático o nombre geográfico como elemento de entrada | Alta montaña |
| Subdivisión general | Pobladores |
| Subdivisión geográfica | Colombia |
| 9 (RLIN) | 43983 |
| 700 1# - ASIENTO SECUNDARIO - NOMBRE PERSONAL | |
| Nombre personal | Pineda Hernández, María Eugenia |
| Término de relación | Textos |
| 9 (RLIN) | 43965 |
| 700 1# - ASIENTO SECUNDARIO - NOMBRE PERSONAL | |
| Nombre personal | Navarro Durán, Antonio |
| Término de relación | Textos |
| 9 (RLIN) | 43966 |
| 942 ## - ELEMENTOS ADICIONALES (KOHA) | |
| Tipo de ítem | Folleto |
| Sistema de clasificación | Local |
| Withdrawn status | Lost status | Sistema de Clasificación | Damaged status | No para préstamo | Colección | Inventariado | Ubicación Permanente | Ubicación actual | Fecha de adquisición | Fuente de Valor | Total Checkouts | Número topográfico | Inventario / Código de Barras | Date last seen | Ejemplar | Price effective from | Forma de adquisición | Tipo de material |
|---|---|---|---|---|---|---|---|---|---|---|---|---|---|---|---|---|---|---|
| Dewey Decimal Classification | Procesos Técnicos | Educación Ambiental | Inventariado 2017 | Sala Fabio Quevedo | Sala Fabio Quevedo | 10/07/2007 | Mendoza, Sandra | EA-328 | 024712 | 04/12/2012 | Ej.1 | 04/12/2012 | Folleto |